00695nam a2200181 a 4500008004100000020001800041050001600059100001500075245014500090260004800235300003600283650004400319650002400363650002300387650004300410650003600453700002400489200806s2018 ||||||||||||||||| || u a9781107647428 aHB 2581 Gun aGunz, Hugh10aRethinking Career studies : facilitaing conservation across boundaries with the social chronology frameworkcBy Hugh Gunz; Wolgang Mayrhofer aCambridgebCambridge University Pressc2018 axiii, 307 pages : illustrations aVOCATIONAL GUIDANCE--STUDY AND TEACHING 0aVOCATIONAL GUIDANCE 0aCAREER DEVELOPMENT aCAREER DEVELOPMENT--STUDY AND TEACHING aOCCUPATIONS--STUDY AND TEACHING aMayrhofer, Wolfgang